LEADER 00728nam 2200169z- 450 001 9910690765103321 035 $a(CKB)5470000002340671 035 $a(EXLCZ)995470000002340671 100 $a20230503cuuuuuuuu -u- - 101 0 $aeng 200 00$aFood stamp program : information on employment and training activities : report to the Chairman, Committee on the Budget, House of Representatives 210 $aWashington, D.C. (P.O. Box 37050, Washington, D.C. 20013) 517 $aFood stamp program 906 $aBOOK 912 $a9910690765103321 996 $aFood stamp program : information on employment and training activities : report to the Chairman, Committee on the Budget, House of Representatives$93181928 997 $aUNINA